000 00897nam a2200241 a 4500
005 20090912142031.0
008 080424s2008 nyua j 000 1 eng
010 _aB-358084
020 _a9788126417827
_c60.00
035 _aB-358084
037 _bDBAD / PUB
040 _adpl
_bEnglish
082 _aS
100 _aNambiar, Aparna
245 _aLittle lessons Diya's picture & help! it's a monster /
_cby Aparna Nambiar; illustrated by K.G. Manoj
260 _aKerala
_bDC Books
_c2008
270 _aDC Kizhakemuri Edam, Good Shepherd Street, Kottayam
_b686001
300 _a29p.:
_bcol. ill. ;
_c22cm(pbk)
650 _aChildren's stories, English
700 _aManoj, K.G.
942 _2ddc
_cCH
_hS
_mNAM
999 _c30332
_d30332